Normal view
MARC view
- Astronomy
Entry Topical Term
001 - CONTROL NUMBER
- control field: 13920
003 - CONTROL NUMBER IDENTIFIER
- control field: NUST
005 - DATE AND TIME OF LATEST TRANSACTION
- control field: 20190325073354.0
008 - FIXED-LENGTH DATA ELEMENTS
- fixed length control field: 190325|| aca||aabn | a|a d
040 ## - CATALOGING SOURCE
- Original cataloging agency: NUST
- Transcribing agency: NUST
150 ## - HEADING--TOPICAL TERM
- Topical term or geographic name entry element: Astronomy
- Form subdivision: Textbooks.
670 ## - SOURCE DATA FOUND
- Source citation: Work cat.: (NUST)0: Koupelis, Theo. 13919, In quest of the universe /, c2011.
